| 000 | 00408 a2200145 4500 | ||
|---|---|---|---|
| 999 |
_c6761 _d6761 |
||
| 020 | _a02869258966 | ||
| 050 | _aPL8842 NCU 1989 | ||
| 100 |
_aNcube, H _eAuhtor |
||
| 245 |
_aVentures Indonsakusa : _bumnyaka wesihlanu: ugwalo lwabantwana / _cH. Ncube |
||
| 264 |
_aHarare: _bCollege Press, _c1989. |
||
| 300 | _a124p. : | ||
| 500 | _aIn Ndebele | ||
| 650 |
_aNdebele _xLanguages |
||
| 942 |
_2lcc _cBK _h8842 _iNCU _kPL |
||